¿Jugar un partido de frijol? : Memoria de la reunión con frijoleros
Uloženo v:
| Korporativní autor: | |
|---|---|
| Médium: | Konferenční příspěvek Kniha |
| Jazyk: | Spanish |
| Vydáno: |
San José, Costa Rica
Asociación de Productores de Chánguena, Centro de Estudios y Publicaciones Alforja
1993
|
| Témata: | |
| Tagy: |
Přidat tag
Žádné tagy, Buďte první, kdo vytvoří štítek k tomuto záznamu!
|
MARC
| LEADER | 00000nam a22000007a 4500 | ||
|---|---|---|---|
| 003 | cru CIDCACS/IIS | ||
| 005 | 20180716165332.0 | ||
| 008 | 180302b1993 cr a|||| |||| 00| 0 spa d | ||
| 999 | |c 41098 |d 41098 | ||
| 040 | |c cru CIDCACS/IIS | ||
| 090 | |a 07.07.06 J93j | ||
| 111 | 1 | |9 6728 |a Reunión con Frijoleros |c Chánguena, Costa Rica |d 27 marzo 1993 | |
| 245 | 1 | 1 | |a ¿Jugar un partido de frijol? : |b Memoria de la reunión con frijoleros |
| 260 | |a San José, Costa Rica |b Asociación de Productores de Chánguena, |b Centro de Estudios y Publicaciones Alforja |c 1993 | ||
| 300 | |a 12 páginas | ||
| 500 | |a Colección Alforja | ||
| 650 | 1 | 0 | |9 3471 |a PRODUCTORES |
| 650 | 1 | 0 | |9 1792 |a TALLERES |
| 650 | 1 | 0 | |9 2590 |a REUNIÓN |
| 650 | 4 | |9 2555 |a FRIJOLES | |
| 650 | 1 | 0 | |9 1088 |a COMERCIALIZACION |
| 651 | 1 | 0 | |9 6729 |a Chánguena |
| 651 | 1 | 0 | |9 3813 |a PUNTARENAS |
| 942 | |2 ddc |c LI | ||
